|
|
|
|
| LEADER |
00986cam a2200241 7i4500 |
| 001 |
0000081845 |
| 005 |
20240315090000.0 |
| 020 |
|
|
|a 9783030844233 (paperback)
|
| 090 |
0 |
0 |
|a HD30.4
|b .R75 2021
|
| 245 |
0 |
0 |
|a Research methods and data analysis for business decisions :
|b a primer using SPSS
|c James E. Sallis [and three others].
|
| 264 |
|
|
|a Cham, Switzerland:
|b Springer,
|c 2021.
|
| 300 |
|
|
|a xi, 258 pages:
|b colour illustrations;
|c 24 cm.
|
| 336 |
|
|
|a text
|2 rdacontent
|
| 337 |
|
|
|a unmediated
|2 rdamedia
|
| 338 |
|
|
|a volume
|2 rdacarrier
|
| 490 |
0 |
|
|a Classroom companion: business
|
| 650 |
|
0 |
|a Business --
|x Decision making --
|x Research
|
| 650 |
|
0 |
|a Business --
|x Data processing --
|x Research
|
| 700 |
1 |
|
|a Sallis, James E.
|
| 997 |
|
|
|a Communication, Visual Art & Computing, Faculty
|b Communication, Department
|
| 997 |
|
|
|a Centre for Graduate Studies
|
| 998 |
|
|
|a Strategic Communication and Digital Design, Master
|
| 999 |
|
|
|a 0000071197
|b BOK
|c OPEN SHELF
|e 1st Floor, Shah Alam
|